Hoover's handbook of american business 1999 profiles of 750 major U.S. companies

Na minha lista:
Detalhes bibliográficos
Formato: Livro
Idioma:inglês
Publicado em: Austin Hoover's Business Press 1999
Assuntos:
Tags: Adicionar Tag
Sem tags, seja o primeiro a adicionar uma tag!

MARC

LEADER 00000nam a2200000 4500
001 c131993
005 20240325094500.3
020 |a 1-57311-045-0 
041 0 |a eng 
044 |a US 
245 1 0 |a Hoover's handbook of american business 1999  |b profiles of 750 major U.S. companies 
264 1 |a Austin  |b Hoover's Business Press  |c 1999 
300 |a 854 s. 
610 2 0 |a organizácie 
610 2 0 |a spoločnosti 
610 2 0 |a obchod 
610 2 0 |a podnikanie 
610 2 0 |a USA